书目信息 |
| 题名: |
房屋地基基础
|
|
| 作者: | 郭继武 编 | |
| 分册: | ||
| 出版信息: | 北京 中国建筑工业出版社 1982.3 |
|
| 页数: | 238页 | |
| 开本: | 19cm | |
| 丛书名: | ||
| 单 册: | ||
| 中图分类: | TU47 | |
| 科图分类: | ||
| 主题词: | 地基--基础(工程) | |
| 电子资源: | ||
| ISBN: | ||
| 000 | 00541nam0 2200205 45 | |
| 001 | 0181011545 | |
| 005 | 20060809152543.09 | |
| 010 | @dCNY0.61 | |
| 091 | @a15040.4188 | |
| 100 | @a20810111d km y0chiy0120 ea | |
| 101 | 0 | @achi |
| 200 | 1 | @a房屋地基基础@Afang wu di ji ji chu@f郭继武等编@Fguo ji wu deng bian |
| 205 | @a2版 | |
| 210 | @a北京@c中国建筑工业出版社@d1982.3 | |
| 215 | @a238页@d19cm | |
| 606 | 0 | @a地基@x基础(工程) |
| 690 | @aTU47 | |
| 701 | 0 | @a郭继武@Aguo ji wu@4编 |
| 801 | @aCN@bTSTC@c20060809 | |
| 905 | @dTU47@e285=2 | |
| 房屋地基基础/郭继武等编.-2版.-北京:中国建筑工业出版社,1982.3 |
| 238页;19cm |
| ISBN :CNY0.61 |
| ● |
| 相关链接 |
|
|
|
|
正题名:房屋地基基础
索取号:TU47/285=2
 
预约/预借
| 序号 | 登录号 | 条形码 | 馆藏地/架位号 | 状态 | 备注 |
| 1 | 0063894 | 001481729 | 密集书库/ [索取号:TU47/285=2] | 在馆 | |
| 2 | 0451614 | 204516149 | 密集书库/ [索取号:TU47/285=2] | 在馆 | |
| 3 | 0451615 | 204516158 | 密集书库/ [索取号:TU47/285=2] | 在馆 |